Missing Word: Films Set in Boston Quiz Stats

 Plays Quiz Updated Sep 10, 2017

Challenge
Share
Tweet
Embed
Score 0/20 Timer 04:00
0 Plays Today
Title Missing Word % Correct
Good Will ____Hunting
97.9%
____ Comes the GroomHere
96.7%
A ____ MindBeautiful
92.8%
The Thomas Crown ____Affair
91.1%
Shutter ____Island
89.7%
What's ____ Number?Your
83.9%
Gone ____ GoneBaby
79.7%
____ RiverMystic
79.5%
Fever ____Pitch
77.1%
____ BlondeLegally
76.9%
Title Missing Word % Correct
Next ____, WonderlandStop
72.4%
Lorenzo's ____Oil
64.4%
____ By the SeaManchester
63.3%
The Boondock ____Saints
63.1%
The ____ DebatersGreat
62.9%
The Paper ____Chase
55.7%
____ MassBlack
47.4%
____ TremainJohnny
47.1%
The Brink's ____Job
34.5%
Infinitely Polar ____Bear
31.1%

Today's Daily Dose

Missing Word
No Snow!

Word Ladder
Wild Cats

On This Day
December 16th II

You're not logged in!

Compare scores with friends on all Sporcle quizzes.
OR
Log In

You Might Also Like...

Show Comments

Extras

Top Quizzes Today


Score Distribution

Your Account Isn't Verified!

In order to create a playlist on Sporcle, you need to verify the email address you used during registration. Go to your Sporcle Settings to finish the process.

Report this User

Report this user for behavior that violates our Community Guidelines.

Details: